| Tag |
First Indicator |
Second Indicator |
Subfields |
| LEADER |
00000nam a2200000Ia 4500 |
| 001 |
in00004180321 |
| 005 |
20200810071924.0 |
| 006 |
m g d |
| 007 |
cr bn |||a|bb| |
| 008 |
850529s1644 enk o 00| | eng d |
| 035 |
|
|
|a (OCoLC)12089734
|
| 040 |
|
|
|a EAA
|c EAA
|d m/c
|d UMI
|d WaOLN
|
| 037 |
|
|
|a CL0037000007
|b ProQuest Information and Learning. 300 N. Zeeb Rd., Ann Arbor, MI 48106
|
| 049 |
|
|
|a UMIA
|
| 100 |
0 |
|
|a Merchant-adventurer in the city of Hamburgh.
|
| 245 |
1 |
2 |
|a A relation of the entrance of the Swedish armie into the territories of the King of Denmark :
|b and the taking of some notable towns therein : the said Swedes having denounciated open war against the King of Denmarke, for his unjust taxations and dealings with them /
|c extracted out of a letter from a Merchant-adventurer in the city of Hamburgh ; wherein we may take notice of Gods providence in frustrating the King of Denmarks design to assist our King against Parliament.
|
| 260 |
|
|
|a London :
|b Printed by Rich. Cotes, and Jo. Raworth,
|c Decemb. 30, 1644.
|
| 300 |
|
|
|a 1 online resource ([2], 6 pages)
|
| 336 |
|
|
|a text
|b txt
|2 rdacontent
|
| 337 |
|
|
|a computer
|b c
|2 rdamedia
|
| 338 |
|
|
|a online resource
|b cr
|2 rdacarrier
|
| 500 |
|
|
|a Reproduction of original in Thomason Collection, British Library.
|
| 510 |
4 |
|
|a Wing
|c R830
|
| 533 |
|
|
|a Electronic reproduction.
|b Ann Arbor, Mich. :
|c UMI,
|d 1999-
|f (Early English books online)
|n Digital version of: (Early English books, 1641-1700 ; 241:E79, no 31)
|7 s1999 miun s
|
| 650 |
|
0 |
|a Dano-Swedish War, 1643-1645.
|
| 650 |
|
0 |
|a Dano-Swedish Wars, 1657-1660.
|
| 830 |
|
0 |
|a Early English books online.
|
| 856 |
4 |
0 |
|u http://proxy.library.tamu.edu/login?url=https://search.proquest.com/docview/2240954402
|z Connect to the full text of this electronic book
|t 0
|
| 999 |
f |
f |
|s 99e10761-1ef4-3691-aedd-d9dacd044cc9
|i 9630c70f-7e05-3847-900f-143e761f4bd9
|t 0
|
| 952 |
f |
f |
|a Texas A&M University
|b College Station
|c Electronic Resources
|d Available Online
|t 0
|h No information provided
|
| 998 |
f |
f |
|t 0
|l Available Online
|